01711nam a2200373 a 4500001001000000003000500010005001700015008004100032010001100073011001100084040000900095090001000104100004500114245021800159260004600377500006000423502012100483590004100604590004100645590004000686590004000726590004000766650003800806650003200844650004300876650003100919856007000950901000701020942001001027942000601037999001901043952014001062952013501202000108687CHAP20220329144021.0140304s2012 mx a sm |||||||spa d a105149 a106121 cCHAP aTesis1 aCoria Hernández, Victor Manuel912572510aEficiencia del agua subterránea para riego en Rye Grass (Lolium multiflorum) en el sector ejidal versus alfalfa (Medicago sativa) en el DR017, Comarca Lagunerah[En línea]cpor Victor Manuel Coria Hernández. aBermejillo, Durango. :bEl autor.,c2012. aPara ver el contenido del material haga clic en la liga aTesis (Ing. Agr. Esp. en Sistemas Agrícolas de Zonas Aridas) -- UACH. Unidad Reginal Universitaria de Zonas Aridas aBATCH-UPDb05c20140324lUCH01h1536 aBATCH-UPDb05c20141002lUCH01h0857 aE5652GLJb05c20140304lUCH01h1216 aE5652GLJb05c20140304lUCH01h1216 aE5652GLJb05c20141029lUCH01h110714aAgua subterráneazDurango9248714aAlfalfaxRendimiento.9388714aIrrigaciónxComarca Lagunera.96038914aLolium multiflorum.967504 aFinding aiduhttp://10.13.5.2/tesis/sist108687.pdfzTeclea aquí aBK cTESIS n0 c105149d105149 00102local4053708TESISaBCbBCcPA_TESISd2014-03-04fTESISl0oTesisp33724002356157r2019-12-31 00:00:00tc.2w2019-12-31yTESIS 00102local4051708TESISaBCbBCcPA_TESISd2014-03-04fTESISl0oTesisp33724002356199r2019-12-31 00:00:00w2014-03-04yTESIS